| 000 | 00503nam a22001577a 4500 | ||
|---|---|---|---|
| 003 | macl | ||
| 005 | 20190407132631.0 | ||
| 008 | 190407b xxu||||| |||| 00| 0 eng d | ||
| 040 | _cmacl | ||
| 082 | _a294 | ||
| 100 |
_aडॉ रमेशचन्द्र यादव _974206 |
||
| 245 | _aभगवान श्रीकृष्ण | ||
| 260 |
_aमेरठ _bअर्चना पब्लिकेशन _c2018 |
||
| 650 |
_aभारतीय धर्म _948169 |
||
| 942 |
_2ddc _cHIN |
||
| 999 |
_c59313 _d59313 |
||